000 00630nam a22001817a 4500
999 _c60962
_d60962
005 20231130104036.0
008 231130s1995 ru ||||| |||| 00| 0 rus d
020 _a5867930084
041 _arus
080 _a94(38+37) Г-22
100 _aГаспаров М. Л.
_920514
245 _aЗанимательная Греция :
_cМ.Л. Гаспаров.
264 _aМосква :
_bНоавое литературное обозрение,
_c1995.
300 _a381 с.;
_b21 см.
653 _aსაბერძნეთი
653 _aძველი ბერძნული კულტურა
942 _2udc
_cBK